Les 20 clubs les plus dépensiers au 21eme siècle. - Statistiques

Statistiques générales
  • Ce quiz a été pris 424 fois
  • Le résultat moyen est 18 sur 20
Statistiques - réponses
Dépense
en Milliards
d'euros
Clubs Pays % Correct
2.39 Barcelone Espagne
99%
3.11 Chelsea Angleterre
99%
2.54 Manchester City Angleterre
99%
2.27 Manchester United Angleterre
99%
1.84 PSG France
99%
2.38 Real Espagne
99%
2.39 Juventus Italie
98%
1.27 Bayern Allemagne
96%
1.83 Inter Italie
96%
1.58 Arsenal Angleterre
95%
1.83 Liverpool Angleterre
95%
1.52 Atletico Espagne
93%
1.54 Milan Italie
93%
1.17 Monaco France*
89%
1.70 Tottenham Angleterre
88%
1.41 Roma Italie
87%
1.14 Napoli Italie
80%
1.13 Newcastle Angleterre
75%
1.07 West Ham Angleterre
68%
1.07 Everton Angleterre
63%
Aucun quiz correspondant
Distribution des résultats
% des personnes avec chaque résultat
Percentile par nombre de réponses
Votre historique - résultats
Vous n’avez pas pris ce quiz